Science Quiz

Random Science or Clickable Quiz

Click an Island Giant Quiz Stats

 Plays Quiz Updated Apr 24, 2019

Support Sporcle.
Go Orange.
Score 0/12 Timer 03:00
5 Plays Today
% Correct
Coconut Crab
97.7%
St. Kilda Field Mouse
96.5%
Kauri Land Snail
96%
Chappell Island Tiger Snake
95.9%
Lord Howe Island Stick Insect
91.5%
Great Spotted Kiwi
88.2%
New Caledonian Giant Gecko
78%
Fossa
77.8%
Kakapo
69%
South Island Takahē
66.1%
Giant Weta
55.1%
San Esteban Chuckwalla
47.4%

You're not logged in!

Compare scores with friends on all Sporcle quizzes.
OR
Log In

From the Vault

15 in 15: Vegetables

by pecheneg

For those of you looking at your fridge and seeing ingredients instead of meals.
Remove Ads.
Support Sporcle.
Get the best of Sporcle when you Go Orange. This ad-free experience offers more features, more stats, and more fun while also helping to support Sporcle. Thank you for becoming a member.

Show Comments

Extras

Top Quizzes Today


Score Distribution

Your Account Isn't Verified!

In order to create a playlist on Sporcle, you need to verify the email address you used during registration. Go to your Sporcle Settings to finish the process.

Report this User

Report this user for behavior that violates our Community Guidelines.

Details: